|
|
|
|
| LEADER |
00000nab a2200000 ar4500 |
| 001 |
vtls009004193 |
| 003 |
SK-MaSNL |
| 005 |
20260303065626.0 |
| 008 |
070629c2007 xo mr|p|||||||000 b|slo |
| 015 |
|
|
|a SNBRB2007/06
|2 snkbucl
|
| 038 |
|
|
|a SNKBUCL
|
| 040 |
|
|
|a SNKBUCL
|b slo
|c SNKBUCL
|e AACR2
|
| 041 |
0 |
|
|a slo
|
| 044 |
|
|
|a xo
|c SK
|
| 080 |
|
|
|a 659.23:336
|2 2001
|
| 080 |
|
|
|a 336
|2 2001
|
| 100 |
1 |
|
|a Mann, Radek
|4 aut
|9 1065953
|
| 245 |
1 |
0 |
|a Kľúčoví sú ľudia a softvér
|b rast nárokov poradenskému biznisu prospieva
|c Radek Mann
|
| 300 |
|
|
|b Fotogr.
|
| 650 |
0 |
7 |
|a finančné poradenstvo
|2 snkbucl
|9 57383
|
| 773 |
0 |
|
|t Financie
|g Roč. II., č. 5 (2007), s. 46
|x 1337-0146
|
| 852 |
|
|
|a SNK
|b KIS3GCP
|
| 999 |
|
|
|c 1751980
|d 1753910
|